Chaîne de lettres Pokémon 6g - Statistiques

Statistiques générales
  • Ce quiz a été pris 36 fois
  • Le résultat moyen est 13 sur 15
Statistiques - réponses
Hint Réponse % Correct
Légendaire de X Xerneas
100%
Il se bat avec des cuillères Alakazam
97%
Évolution de Laporeille Lockpin
97%
Évolution d'Évoli introduit en 6g Nymphali
97%
Pokémon lion avec une variante mâle et femelle Némélios
94%
Il collectionne les clés Trousselin
94%
Il a une forme parade et une forme assaut Exagide
91%
Évolution de Psystigri Mistigrix
88%
Évolution du starter Feu Roussil
88%
Il évolue en tournant la console Sépiatop
85%
Évolution de Galvaran Iguolta
82%
Réanimé à partir du fossile Mâchoire Ptyranidur
82%
Insecte de la route 1 Lépidonille
79%
Évolution de Grelaçon Séracrawl
79%
Pokémon de Voltère Élecsprint
62%
Aucun quiz correspondant
Distribution des résultats
% des personnes avec chaque résultat
Percentile par nombre de réponses
Votre historique - résultats
Vous n’avez pas pris ce quiz